(RE)Lecturas de Guanacaste : 1821-2010 /
Enregistré dans:
| Autres auteurs: | , |
|---|---|
| Format: | Inconnue |
| Langue: | Spanish |
| Publié: |
San José, Costa Rica :
Sociedad editora Alquimia,
2011.
|
| Sujets: | |
| Tags: |
Ajouter un tag
Pas de tags, Soyez le premier à ajouter un tag!
|
MARC
| LEADER | 000000000a22000000004500 | ||
|---|---|---|---|
| 001 | 003793 | ||
| 020 | |a 9789968995283 | ||
| 041 | 0 | |a spa | |
| 082 | 0 | 4 | |a 985 |b R382r |
| 245 | 0 | 1 | |a (RE)Lecturas de Guanacaste : |b 1821-2010 / |c Rodolfo Núñez Arias, editor ; Juan José Marín Hernández, editor. |
| 260 | 1 | |a San José, Costa Rica : |b Sociedad editora Alquimia, |c 2011. | |
| 300 | |a 293 páginas : |b ilustraciones | ||
| 650 | 4 | |a GUANACASTE (COSTA RICA) | |
| 650 | 4 | |a VIDA COTIDIANA | |
| 650 | 4 | |a TURISMO ECOLOGICO | |
| 650 | 4 | |a DESARROLLO DE LA COMUNIDAD | |
| 100 | 1 | |a Núñez Arias, Rodolfo, |e editor | |
| 100 | 1 | |a Marín Hernández, Juan José, |e editor | |
| 999 | |c 10197 |d 10197 | ||
| 942 | |c BK |h 985 R382r |2 z | ||



